Coplas/ : (Record no. 5798)
[ view plain ]
| 000 -CABECERA | |
|---|---|
| campo de control de longitud fija | 00889cam a2200253 a 4500 |
| 001 - NÚMERO DE CONTROL | |
| campo de control | 000006002 |
| 005 - FECHA Y HORA DE LA ÚLTIMA TRANSACCIÓN | |
| campo de control | 20200929151859.0 |
| 008 - DATOS DE LONGITUD FIJA--INFORMACIÓN GENERAL | |
| campo de control de longitud fija | 750116s1970 sp 001 p spa |
| 040 ## - FUENTE DE LA CATALOGACIÓN | |
| Centro catalogador/agencia de origen | DO-SdBNP |
| Centro/agencia transcriptor | MoSW |
| Centro/agencia modificador | BNPHU |
| 042 ## - CÓDIGO DE AUTENTICACIÓN | |
| Código de autenticación | premarc |
| 082 ## - NÚMERO DE LA CLASIFICACIÓN DECIMAL DEWEY | |
| Número de clasificación | 861.3 |
| Número de documento/Ítem | R466c |
| 100 1# - ENTRADA PRINCIPAL--NOMBRE DE PERSONA | |
| Nombre de persona | Reynosa, Rodrigo de. |
| 9 (RLIN) | 16905 |
| 245 10 - MENCIÓN DE TÍTULO | |
| Título | Coplas/ : |
| Resto del título | Rodrigo de Reynosa ; introducción, selección y notas, Ma. Inés Chamorro Fernández. |
| 260 ## - PUBLICACIÓN, DISTRIBUCIÓN, ETC. | |
| Lugar de publicación, distribución, etc. | Madrid : |
| Nombre del editor, distribuidor, etc. | Taurus, |
| Fecha de publicación, distribución, etc. | 1970. |
| 300 ## - DESCRIPCIÓN FÍSICA | |
| Extensión | 143 p. ; |
| Dimensiones | 18 cm. |
| 490 1# - MENCIÓN DE SERIE | |
| Mención de serie | Temas de España |
| Designación de volumen o secuencia | 89 |
| 500 ## - NOTA GENERAL | |
| Nota general | A la cabeza del título: Rodrigo de Reynosa. |
| 504 ## - NOTA DE BIBLIOGRAFÍA, ETC. | |
| Nota de bibliografía, etc. | Bibliografías: p.15-18. |
| 650 #4 - PUNTO DE ACCESO ADICIONAL DE MATERIA--TÉRMINO DE MATERIA | |
| Término de materia o nombre geográfico como elemento de entrada | Poesía española |
| Subdivisión cronológica | SIGLO XVI |
| 9 (RLIN) | 15933 |
| 650 #4 - PUNTO DE ACCESO ADICIONAL DE MATERIA--TÉRMINO DE MATERIA | |
| Término de materia o nombre geográfico como elemento de entrada | Literatura española |
| Subdivisión cronológica | SIGLO XVI |
| 9 (RLIN) | 8688 |
| 700 1# - PUNTO DE ACCESO ADICIONAL--NOMBRE DE PERSONA | |
| Nombre de persona | Chamorro Fernández, Ma. Ines |
| Forma completa/desarrollada del nombre | (María Inés), |
| Término indicativo de función/relación | ed. |
| 9 (RLIN) | 16906 |
| 830 #0 - PUNTO DE ACCESO ADICIONAL DE SERIE-TÍTULO UNIFORME | |
| Título uniforme | Temas de España ; |
| Designación de volumen o secuencia | 89 |
| 9 (RLIN) | 6849 |
| 910 ## - DATOS DE OPCIÓN DEL USUARIO (OCLC) | |
| Datos de opción del usuario | Catalogación derivada / LC |
| Estado de retiro | Estado de pérdida | Restricciones de uso | No para préstamo | Código de colección | Localización permanente | Ubicación/localización actual | Ubicación en estantería | Fecha de adquisición | Número de inventario | Total de préstamos | Signatura topográfica completa | Código de barras | Fecha visto por última vez | Precio válido a partir de | Tipo de ítem Koha |
|---|---|---|---|---|---|---|---|---|---|---|---|---|---|---|---|
| Préstamo interno | Monografías: Libros y Folletos | General | General | En catalogación | 25.08.2009 | LF1 | 861.3 R466c | 6002-10 | 25.06.2020 | 25.06.2020 | Préstamo interno |
